00372nam a2200181Ia 4500003000900000008004100009040001300050040001300063041000800076100002300084100000900107245002500116250000900141260001500150260000900165300001000174490000600184IT-RoPAU120407s9999 xx 000 0 und d aIT-RoPAU cIT-RoPAU aita aTimotheus Zapelena cs.j. aDe Ecclesia Christi. aRoma aGregoriana c1940 c23 cm v1